DLM-Forum 2002 : [accés i preservació de la informació electrònica : millors pràctiques i solucions ...] [accés i preservació de la informació electrònica :
Descripción Física:
60 p. ; 20 x 20 cm
MARC
| LEADER | 00000nam a2200000Ia 4500 | ||
|---|---|---|---|
| 001 | 15197 | ||
| 003 | BGR | ||
| 005 | 20260324175358.0 | ||
| 008 | 160829s2002] xx 000 0 cat d | ||
| 080 | |a A-2-176 | ||
| 111 | |a DLM-Forum Electronic Records |9 70717 |c (Barcelona : |d 2002) | ||
| 245 | |a DLM-Forum 2002 : |b [accés i preservació de la informació electrònica : |b millors pràctiques i solucions ...] | ||
| 260 | |a [Barcelona : |b DLM - Forum Electronic Records, |c 2002] | ||
| 300 | |a 60 p. ; |c 20 x 20 cm | ||
| 590 | |a Text en català, castellà, anglès, francès i alemany | ||
| 650 | |a DLM-Forum (2002, 6-8 May : Barcelona) |x Programes |9 30229 | ||
| 901 | |a Arxiu | ||
| 942 | |n 1 |2 udc |c MON | ||
| 952 | |0 0 |1 0 |4 0 |6 A2176 |7 1 |9 45338 |a Arxiu |b Arxiu |d 2016-12-01 |l 0 |o A-2-176 |p 15197 |r 2016-12-01 00:00:00 |w 2016-12-01 |y ARXIU | ||
| 999 | |c 48412 |d 48412 | ||